000 00621nam a22002417a 4500
003 UA-OsUOA
001 125496
007 ta
008 20170918b un ||||| |||| 00| 0 ukr d
100 _aКолесников А.
090 _a323.2(477)
_bК60
942 _cBK
040 _aUA-OsUOA
_brus
_cUA-OsUOA
_dUA-OsUOA
245 _aПервый украинский
_bзаписки с передовой
300 _a415 с.
955 _a2
041 _arus
080 _a323.2(477)
020 _a5-9697-0062-2
260 _aК.
_bВагриус
_c2005
650 7 _a32 Політика
_2UDC
999 _c412714
_d412714